Los poderes del juez civil en materia probatoria Seminario de estudio de la escuela judicial

Bibliographic Details
Format: Unknown
Language:Spanish
Published: [Barcelona] : J.M. Bosch, 2004
Subjects:
Online Access:Acceso restringido

MARC

LEADER 00000ny a22000003n 4500
005 20110526133628.0
008 080630s2004 sp s 000 0 spa c
020 |a 847698703X 
035 |a 316 
040 |a UMA.RE  |d vLex 
080 |a 347.94(460)(0.034) 
080 |a 347.962(460)(0.034) 
090 |c 288  |d 288 
245 0 4 |a Los poderes del juez civil en materia probatoria  |h [Recurso electrn̤ico]  |b Seminario de estudio de la escuela judicial  
256 |a Servicio en ln̕ea 
260 |a [Barcelona] :  |b J.M. Bosch,  |c 2004 
506 1 |a Contenido solo disponible en los productos indicados  |d vLex Global  |d vLex Global (Academic Edition, excluding Law Schools)  |d vLex Global (U.S. Academic Edition, Law Schools)  |d vLex Global (U.S. Academic Edition, excluding Law Schools)  |d vLex Global (Academic Edition, Law Schools) 
650 0 4 |a Facultades del juez  |2 Tesauro vLex 
650 0 4 |a Fase de prueba  |2 Tesauro vLex 
740 0 |a vLex Libros (Servicios en ln̕ea) 
856 4 0 |u http://vlex.com/source/316  |z Acceso restringido 
942 |c BOOK 
999 0 |a Civil Law   |b Barcelona